[Event "Titled Tue 1st Jul Late"]
[Site "chess.com INT"]
[Date "2025.07.01"]
[Round "9"]
[White "Alvarado, Carlos"]
[Black "Denisenko, Denis"]
[Result "0-1"]
[WhiteTitle "CM"]
[BlackTitle "CM"]
[WhiteElo "2032"]
[BlackElo "1934"]
[WhiteFideId "3800555"]
[BlackFideId "4170652"]
[EventDate "2025.07.01"]

1. Nf3 d5 2. b3 Nf6 3. Bb2 g6 4. d3 Bg7 5. Nbd2 O-O 6. g3 c6 7. Bg2 a5 8. a3
Nbd7 9. O-O Re8 10. c4 e5 11. e4 dxe4 12. Nxe4 Nxe4 13. dxe4 Nc5 14. Qc2 Qd3 15.
Qxd3 Nxd3 16. Bc3 f6 17. Nd2 Be6 18. Rfd1 Red8 19. Bf1 Nc5 20. f3 Kf7 21. Rab1
Ke7 22. Be2 Bf8 23. Nf1 a4 24. bxa4 Rxa4 25. Bb4 Ke8 26. Rxd8+ Kxd8 27. Kg2 Be7
28. Ne3 Kd7 29. Nc2 Kc7 30. Kf1 b6 31. g4 Bd6 32. Rd1 Nb7 33. h4 Bxb4 34. axb4
Ra2 35. Bd3 Nd6 36. Ne3 Rb2 37. c5 bxc5 38. bxc5 Nb7 39. Rc1 Rb3 40. Ke2 Ra3 41.
Kd2 Ra5 42. Bc4 Bxc4 43. Nxc4 Rxc5 44. g5 fxg5 45. hxg5 Nd6 46. Ne3 Rxc1 47.
Kxc1 Nf7 48. Ng4 Nxg5 49. Nxe5 Kd6 50. f4 Nxe4 51. Kc2 Ke6 52. Kd3 Kf5 53. Ke3
g5 54. Nxc6 gxf4+ 55. Kf3 Ng5+ 56. Kg2 h5 57. Nd4+ Kg4 58. Nc6 f3+ 59. Kh2 Ne4
60. Ne5+ Kf4 61. Nd3+ Ke3 62. Ne1 f2 63. Ng2+ Kf3 64. Nh4+ Kg4 65. Ng2 Nd2 66.
Ne3+ Kf3 67. Nf5 f1=Q 68. Nh4+ Kg4 69. Ng2 Qf2 70. Kh1 Nf3 71. Ne3+ Kg5 0-1

[Event "Titled Tue 1st Jul Late"]
[Site "chess.com INT"]
[Date "2025.07.01"]
[Round "9"]
[White "Maghsoodloo, Parham"]
[Black "Amar, Elham"]
[Result "1-0"]
[WhiteTitle "GM"]
[BlackTitle "GM"]
[WhiteElo "2691"]
[BlackElo "2589"]
[WhiteFideId "12539929"]
[BlackFideId "1533533"]
[EventDate "2025.07.01"]

1. d4 Nf6 2. c4 e6 3. Nc3 d5 4. cxd5 exd5 5. Bg5 c6 6. e3 h6 7. Bh4 Be7 8. Bd3
O-O 9. Nge2 Re8 10. O-O Nbd7 11. f3 b5 12. Rc1 a5 13. Qd2 Ba6 14. Bf2 Qb8 15.
Nf4 Bd6 16. Nce2 c5 17. dxc5 Nxc5 18. Bb1 b4 19. Rfe1 Ne6 20. h4 d4 21. Nxe6
dxe3 22. Bxe3 Rxe6 23. Nd4 Bh2+ 24. Kh1 Rxe3 25. Rxe3 Bf4 26. Nf5 Qd8 27. Qe1
Bxe3 28. Qxe3 Qd7 29. Qe5 Qd2 30. Rc6 Re8 31. Qg3 Qe1+ 32. Kh2 Qxg3+ 33. Kxg3
Bb7 34. Rb6 Bd5 35. Kf2 Be6 36. Nd4 Bd7 37. Ra6 a4 38. Bc2 b3 39. axb3 axb3 40.
Bxb3 Rb8 41. g4 Kf8 42. Ra7 Be8 43. Ke3 Nd7 44. Rc7 Ne5 45. g5 hxg5 46. hxg5 Ng6
47. f4 Ne7 48. Ke4 g6 49. Ke5 Nc8 50. Bd5 Ne7 51. Bb3 Nc8 52. Bc4 Nb6 53. b3
Nd7+ 54. Ke4 Nb6 55. Ke5 Nd7+ 56. Kd6 Nb6 57. Kc5 Nd7+ 58. Kd5 Nb6+ 59. Ke4 Nc8
60. Ke5 Ne7 61. f5 gxf5 62. Nxf5 Ng6+ 63. Ke4 Rd8 64. Nh6 Ne7 65. Rc5 Ng6 66.
Ng4 Ne7 67. Nf6 Bc6+ 68. Ke3 Rd1 69. b4 Re1+ 70. Kd2 Rb1 71. b5 Bg2 72. Kc2 Re1
73. b6 Re3 74. Rc7 1-0

[Event "Titled Tue 1st Jul Late"]
[Site "chess.com INT"]
[Date "2025.07.01"]
[Round "9"]
[White "Holinka, Henning"]
[Black "Ahmad, Al Khatib"]
[Result "1-0"]
[WhiteTitle "FM"]
[BlackTitle "GM"]
[WhiteElo "2303"]
[BlackElo "2172"]
[WhiteFideId "12967084"]
[BlackFideId "8103178"]
[EventDate "2025.07.01"]

1. Nf3 Nf6 2. g3 d5 3. Bg2 c5 4. O-O Nc6 5. d4 e6 6. c4 cxd4 7. Nxd4 Bc5 8. Nb3
Bb6 9. cxd5 exd5 10. Nc3 d4 11. Na4 O-O 12. Bg5 Re8 13. Re1 h6 14. Bxf6 Qxf6 15.
Nxb6 axb6 16. Bxc6 bxc6 17. Qxd4 Qd8 18. f3 c5 19. Qc3 Qe7 20. a3 Bb7 21. Rad1
Rad8 22. e4 Rd7 23. Kf2 Red8 24. Rd2 Rxd2+ 25. Nxd2 Qg5 26. Nc4 Ba6 27. Ne3 Rd3
28. Qc2 Qd8 29. Qa4 Rd2+ 30. Kg1 Be2 31. Nd5 Bxf3 32. Qc6 Rg2+ 33. Kf1 Rxh2 34.
Qxb6 Qg5 35. Qb8+ Kh7 36. Qf4 Qxf4 37. Nxf4 Rxb2 38. Nd3 Rc2 39. Ne5 Bg2+ 40.
Kg1 Bh3 41. Nxf7 c4 42. Nd6 c3 43. Nb5 Bd7 44. Nd4 Rd2 45. Nb3 Rb2 46. Nc5 Bc6
47. Rc1 c2 48. Kf2 Rb1 49. Rxc2 Ra1 50. Rc3 Ra2+ 51. Ke3 g5 52. Kd4 h5 53. Ne6
Kg6 54. Rxc6 Rxa3 55. Nf4+ Kf7 56. Nxh5 Ra4+ 57. Ke3 Ra3+ 58. Kf2 Ke7 59. Nf6
Kf7 60. Nd5 Kg7 61. Ne3 Rd3 62. Nf5+ Kf7 63. Ne3 Ra3 64. Kf3 Rb3 65. Ra6 Rc3 66.
e5 Ke7 67. Ke4 Rb3 68. Nd5+ Kd7 69. Rd6+ Ke8 70. g4 Rb1 71. Kf5 Re1 72. Re6+ Kd7
73. Ra6 Re2 74. Rd6+ Ke8 75. Nf6+ Kf7 76. Rd7+ Kf8 77. Kg6 Rxe5 78. Rf7# 1-0

[Event "Titled Tue 1st Jul Late"]
[Site "chess.com INT"]
[Date "2025.07.01"]
[Round "9"]
[White "Jimenez Salas, Maria Teresa"]
[Black "Reprintsev, Alexander"]
[Result "0-1"]
[WhiteTitle "WIM"]
[BlackTitle "IM"]
[WhiteElo "2170"]
[BlackElo "2256"]
[WhiteFideId "3843866"]
[BlackFideId "14100541"]
[EventDate "2025.07.01"]

1. e4 d5 2. exd5 Qxd5 3. Nc3 Qa5 4. d4 Nf6 5. Nf3 Nc6 6. h3 Ne4 7. Qd3 Bf5 8.
Qe3 Nxc3 9. bxc3 e6 10. Qd2 O-O-O 11. Bd3 h6 12. Bxf5 Qxf5 13. O-O g5 14. Qd3
Qxd3 15. cxd3 Bg7 16. Re1 Rd5 17. Be3 Ra5 18. Re2 Ra3 19. Rc2 Rd8 20. Rb1 Rd5
21. Rb3 Rda5 22. Rxa3 Rxa3 23. Bc1 Ra4 24. Nd2 b5 25. Nb3 Bf8 26. Kh2 Bd6+ 27.
g3 e5 28. dxe5 Nxe5 29. d4 Nf3+ 30. Kh1 f6 31. Re2 h5 32. Kg2 g4 33. hxg4 hxg4
34. Re4 Rxa2 35. Rxg4 Ne1+ 36. Kf1 Nd3 37. Be3 Ra3 38. Nd2 Rxc3 39. Ne4 Ra3 40.
Nxf6 Ra1+ 41. Kg2 Ne1+ 42. Kh3 b4 43. d5 b3 44. Bd4 Ra2 45. Rg8+ Kb7 46. Nd7 c6
47. Bc5 cxd5 48. Bxd6 Kc6 49. Bb4 Kxd7 50. Bxe1 b2 51. Rb8 Ra1 52. Rxb2 Rxe1 53.
Rb7+ Kc6 54. Rxa7 d4 55. Kg2 d3 56. Ra2 Kd5 57. f3 Kd4 58. Kf2 Re8 59. g4 Kc3
60. Ra3+ Kc2 61. Ra2+ Kb3 62. Rd2 Kc3 63. Rd1 Kc2 64. Ra1 d2 65. g5 d1=Q 66.
Rxd1 Kxd1 67. f4 Kd2 68. Kf3 Kd3 69. f5 Kd4 70. Kf4 Re4+ 71. Kf3 Ke5 72. f6 Rf4+
73. Kg3 Rf1 74. Kg4 Ke6 75. Kh5 Kf7 76. Kg4 Rg1+ 77. Kh5 Rf1 78. Kg4 Kg6 79. Kh4
Rf4+ 80. Kg3 Kxg5 0-1

[Event "Titled Tue 1st Jul Late"]
[Site "chess.com INT"]
[Date "2025.07.01"]
[Round "9"]
[White "Dzida, Kamil"]
[Black "Estrada Nieto, Julian"]
[Result "0-1"]
[WhiteTitle "IM"]
[BlackTitle "IM"]
[WhiteElo "2411"]
[BlackElo "2181"]
[WhiteFideId "21828652"]
[BlackFideId "5101018"]
[EventDate "2025.07.01"]

1. b3 d5 2. Nf3 Nf6 3. Bb2 Bf5 4. e3 e6 5. Bd3 Bxd3 6. cxd3 Be7 7. O-O O-O 8.
Nc3 c5 9. Rc1 Nc6 10. Ne2 Nb4 11. Nf4 Nxa2 12. Bxf6 gxf6 13. Ra1 Nb4 14. d4 b6
15. dxc5 bxc5 16. d4 cxd4 17. Nxd4 Bd6 18. Qh5 Bxf4 19. exf4 Kh8 20. Rfe1 Qd7
21. Qh6 Qd8 22. Re3 Rg8 23. Rae1 Rg6 24. Qh4 f5 25. Qh5 Qf6 26. Nf3 Nc2 27. Ne5
Nxe3 28. Rxe3 Rag8 29. Rh3 Rxg2+ 30. Kf1 R2g7 31. Ke2 a5 32. Kd3 Rc8 33. Kd4 Kg8
34. Kd3 Rb8 35. Kc3 Qe7 36. Kb2 f6 37. Nc6 Qe8 38. Nxb8 Qxb8 39. Qh6 Qf8 40. Qh5
Qf7 41. Qh6 Qe7 42. Rc3 Rf7 43. Rc8+ Rf8 44. Rxf8+ Qxf8 45. Qh3 Qc5 46. Qg3+ Kf8
47. Qf3 Qb4 48. Qe3 a4 49. Qxe6 Qxb3+ 50. Kc1 Qc3+ 51. Kb1 Qb3+ 52. Kc1 Qc4+ 53.
Kd2 Qd4+ 54. Kc2 Qe4+ 55. Qxe4 fxe4 56. Kc3 Ke7 57. Kd4 Kd6 58. h4 f5 59. h5 h6
60. f3 exf3 61. Ke3 Kc5 62. Kxf3 a3 63. Ke3 a2 64. Kd3 a1=Q 65. Ke3 Qf1 66. Kd2
Qh1 67. Ke3 Qxh5 68. Kf2 Qg4 69. Ke3 Qg3+ 70. Ke2 Qxf4 71. Kd3 h5 72. Ke2 Qe4+
73. Kf2 Qd3 74. Kg2 Qe3 75. Kh2 f4 76. Kg2 Qd2+ 77. Kh3 f3 78. Kh4 Qg2 79. Kxh5
f2 80. Kh4 Qg1 81. Kh5 f1=Q 82. Kh6 Qh3# 0-1

[Event "Titled Tue 1st Jul Late"]
[Site "chess.com INT"]
[Date "2025.07.01"]
[Round "9"]
[White "Ferrara, Enzo"]
[Black "Filippova, Margarita"]
[Result "0-1"]
[BlackTitle "WFM"]
[WhiteElo "2138"]
[BlackElo "2026"]
[WhiteFideId "137731"]
[BlackFideId "34199680"]
[EventDate "2025.07.01"]

1. d4 d5 2. Nf3 Nf6 3. g3 Bf5 4. c4 c6 5. Nc3 e6 6. Bg2 h6 7. O-O Nbd7 8. Qb3
Qb6 9. c5 Qxb3 10. axb3 a6 11. Bf4 Rc8 12. h3 Be7 13. g4 Bh7 14. Nd2 O-O 15. f3
Rfe8 16. e4 Nf8 17. e5 N6d7 18. Be3 Bd3 19. Rfc1 Bh4 20. Kh2 Ng6 21. f4 Rcd8 22.
Nf3 Be7 23. b4 Ra8 24. Rd1 Bc4 25. Bf1 Bxf1 26. Rxf1 Nh4 27. Nxh4 Bxh4 28. g5
hxg5 29. fxg5 Nf8 30. Rg1 Ng6 31. Rg4 Kf8 32. Rf1 Ke7 33. Ne2 Rh8 34. Nf4 Nxf4
35. Rfxf4 Be1 36. g6 Raf8 37. Rf1 Bxb4 38. gxf7 Rxf7 39. Rfg1 Rh7 40. Rg6 a5 41.
Kg3 Rf5 42. h4 Kf7 43. Rg4 g6 44. Rh1 a4 45. Ra1 Rfh5 46. Bg5 a3 47. Rf4+ Ke8
48. bxa3 Bd2 49. Raf1 Bxf4+ 50. Rxf4 Rf7 51. Rg4 Rf5 52. Bf6 Kf7 53. Kh3 Rxf6
54. exf6 Kxf6 55. Rg3 Rf5 56. Kg4 e5 57. Rb3 exd4 58. Rxb7 d3 59. Rb3 d2 60. Rd3
Rf2 61. Kg3 Re2 62. Kf3 Re4 63. Rxd2 Rxh4 64. Ra2 Rc4 65. a4 Rxc5 66. a5 Rb5 67.
a6 Rb8 68. a7 Ra8 69. Ke3 Ke5 70. Kd3 c5 71. Kc3 g5 72. Ra6 g4 73. Kd3 g3 74.
Ke3 g2 75. Kf2 Kd4 76. Kxg2 c4 77. Kf2 Kc5 78. Ke3 Kb5 79. Ra1 Kb6 80. Kd4 Rxa7
81. Rh1 Rd7 82. Rh6+ Kb5 83. Rh8 Kc6 84. Rc8+ Kd6 85. Re8 Kc7 0-1

[Event "Titled Tue 1st Jul Late"]
[Site "chess.com INT"]
[Date "2025.07.01"]
[Round "9"]
[White "Carlsen, Magnus"]
[Black "Erdogmus, Yagiz Kaan"]
[Result "1/2-1/2"]
[WhiteTitle "GM"]
[BlackTitle "GM"]
[WhiteElo "2837"]
[BlackElo "2626"]
[WhiteFideId "1503014"]
[BlackFideId "44599790"]
[EventDate "2025.07.01"]

1. c4 Nf6 2. g3 e5 3. Bg2 d5 4. cxd5 Nxd5 5. Nc3 Nb6 6. d3 Nc6 7. Nh3 Be7 8. f4
h5 9. Ng5 h4 10. Qb3 Bxg5 11. fxg5 Nd4 12. Qd1 hxg3 13. hxg3 Rxh1+ 14. Bxh1 c6
15. Be3 Nf5 16. Qd2 Nxg3 17. O-O-O Be6 18. Bf2 Nf5 19. Ne4 Nd4 20. e3 Nb5 21.
Nc5 Qe7 22. Qc2 O-O-O 23. a4 Nd6 24. a5 Nd5 25. Bxd5 Bxd5 26. e4 Be6 27. a6 b6
28. Nxe6 Qxe6 29. Qxc6+ Kb8 30. Kb1 Rc8 31. Qa4 Qg4 32. Qb3 Qe2 33. Be1 f6 34.
Bb4 Nb5 35. gxf6 gxf6 36. Rg1 Rd8 37. Ka2 Qxd3 38. Qf7 Qd7 39. Qxf6 Nc7 40. Qxe5
Qa4+ 41. Ba3 Qxa6 42. Rc1 Rd7 43. Qc3 Qb7 44. Qc4 b5 45. Qg8+ Qc8 46. Qxc8+ Kxc8
47. e5 Kb7 48. Bd6 Ne8 49. Bb4 Nc7 50. Kb3 Ne6 51. Bd6 a5 52. Kc3 Kc6 53. Kd3+
Kd5 54. Ke3 Rf7 55. Rd1+ Kc6 56. Rc1+ Kd5 57. Rd1+ Kc4 58. b3+ Kxb3 59. Ke4 Kc4
60. Rc1+ Kb3 61. Kd5 Nf4+ 62. Kc6 b4 63. Rf1 Rf5 64. Kd7 a4 65. e6 Nxe6 66. Rxf5
Nd4 67. Rf4 Nc2 68. Kc6 a3 69. Kb5 a2 70. Rf3+ Kb2 71. Be5+ Kc1 72. Rf1+ Kd2 73.
Rh1 b3 74. Kc4 a1=Q 75. Bxa1 Nxa1 76. Rh2+ Ke3 77. Rb2 Nc2 78. Rxb3+ Ke4 79. Rh3
Ne3+ 80. Kc5 Nf5 81. Rh1 Ne3 82. Re1 Kd3 83. Rh1 Ke4 84. Re1 Kd3 85. Rxe3+ Kxe3 1/2-1/2

[Event "Titled Tue 1st Jul Late"]
[Site "chess.com INT"]
[Date "2025.07.01"]
[Round "10"]
[White "Shandrygin, Nikita"]
[Black "Yatskar, Martin"]
[Result "1-0"]
[WhiteTitle "FM"]
[BlackTitle "CM"]
[WhiteElo "2209"]
[BlackElo "2225"]
[WhiteFideId "24198668"]
[BlackFideId "34109676"]
[EventDate "2025.07.01"]

1. e4 e5 2. Nf3 Nc6 3. d4 exd4 4. c3 dxc3 5. Nxc3 Bc5 6. Bc4 Nge7 7. Ng5 Ne5 8.
Bb3 O-O 9. f4 N7g6 10. fxe5 d6 11. Qh5 1-0

[Event "Titled Tue 1st Jul Late"]
[Site "chess.com INT"]
[Date "2025.07.01"]
[Round "10"]
[White "Bogaudinov, Rushan"]
[Black "Mesquita, Eduardo Barbosa"]
[Result "0-1"]
[WhiteTitle "FM"]
[WhiteElo "1912"]
[BlackElo "2014"]
[WhiteFideId "4129288"]
[BlackFideId "22757163"]
[EventDate "2025.07.01"]

1. a4 d5 2. h4 Nf6 3. d3 e5 4. h5 Nc6 5. h6 g6 6. a5 Be6 7. a6 b6 8. Nf3 e4 9.
Ng5 Bc5 10. e3 O-O 11. dxe4 dxe4 12. Qd7 0-1

[Event "Titled Tue 1st Jul Late"]
[Site "chess.com INT"]
[Date "2025.07.01"]
[Round "10"]
[White "Colville, Julian"]
[Black "Gabrielian, Artur"]
[Result "0-1"]
[WhiteTitle "FM"]
[BlackTitle "GM"]
[WhiteElo "2268"]
[BlackElo "2419"]
[WhiteFideId "30963273"]
[BlackFideId "4131002"]
[EventDate "2025.07.01"]

1. e4 c5 2. b4 cxb4 3. a3 e5 4. axb4 Bxb4 5. Nf3 Nf6 6. c3 Be7 7. Bd3 O-O 8.
Nxe5 d5 9. Qe2 dxe4 10. Bxe4 Qc7 11. d4 Nbd7 12. Nxd7 Bxd7 13. O-O Bd6 14. h3
Rfe8 15. f3 Bh2+ 16. Kh1 Nh5 17. f4 Ng3+ 0-1

[Event "Titled Tue 1st Jul Late"]
[Site "chess.com INT"]
[Date "2025.07.01"]
[Round "10"]
[White "Nicot, Valentin"]
[Black "Baturin-Vinogradov, Miroslav"]
[Result "0-1"]
[WhiteTitle "CM"]
[BlackTitle "CM"]
[WhiteElo "2206"]
[BlackElo "2046"]
[WhiteFideId "651002477"]
[BlackFideId "55745741"]
[EventDate "2025.07.01"]

1. d4 Nf6 2. Nf3 g6 3. g3 Bg7 4. Bg2 O-O 5. O-O d6 6. c4 Nbd7 7. Nc3 e5 8. d5 a5
9. e4 Nc5 10. Qc2 h6 11. Be3 b6 12. Rad1 a4 13. Bxc5 bxc5 14. Nd2 Bd7 15. Rfe1
Nh7 16. h4 f5 17. exf5 gxf5 18. Ndb1 e4 19. Nb5 Nf6 20. N1c3 Ng4 21. Nxa4 f4 22.
Nac3 e3 23. fxe3 fxg3 24. Rf1 Qxh4 25. Be4 Nf2 26. Bh7+ Kh8 27. Rxf2 Rxf2 28.
Qxf2 gxf2+ 29. Kf1 Bh3+ 30. Ke2 Bg4+ 31. Kf1 Bxd1 0-1

[Event "Titled Tue 1st Jul Late"]
[Site "chess.com INT"]
[Date "2025.07.01"]
[Round "10"]
[White "Mizzi, Jack"]
[Black "Marcziter, Dmitrii"]
[Result "1-0"]
[WhiteTitle "CM"]
[BlackTitle "FM"]
[WhiteElo "2107"]
[BlackElo "2208"]
[WhiteFideId "5602521"]
[BlackFideId "13900765"]
[EventDate "2025.07.01"]

1. d4 Nf6 2. c4 g6 3. Nf3 Bg7 4. g3 O-O 5. Bg2 d5 6. O-O Nc6 7. b3 Bg4 8. Bb2 e6
9. Ne5 Bf5 10. Nd2 Nxe5 11. dxe5 Ne8 12. cxd5 exd5 13. e4 dxe4 14. Nxe4 Qe7 15.
f4 Rd8 16. Qe2 c6 17. Rad1 Bxe4 18. Qxe4 Nc7 19. f5 gxf5 20. Qxf5 Qe6 21. Qg5
Nd5 22. Rf6 Qe7 23. Bxd5 cxd5 24. e6 fxe6 25. Rxf8+ Qxf8 26. Bxg7 Qxg7 27. Qxd8+ 1-0

[Event "Titled Tue 1st Jul Late"]
[Site "chess.com INT"]
[Date "2025.07.01"]
[Round "10"]
[White "Kochetkov, German"]
[Black "Al Busaidi, Hamood"]
[Result "1-0"]
[WhiteTitle "IM"]
[BlackTitle "CM"]
[WhiteElo "2277"]
[BlackElo "2028"]
[WhiteFideId "13500635"]
[BlackFideId "22006230"]
[EventDate "2025.07.01"]

1. f4 e5 2. fxe5 d6 3. exd6 Bxd6 4. Nf3 g5 5. d4 g4 6. Ne5 Nc6 7. Nxc6 bxc6 8.
g3 h5 9. Bg2 h4 10. Qd3 hxg3 11. Bxc6+ Bd7 12. Qe4+ Ne7 13. Bxa8 c6 14. Bf4 Qc7
15. hxg3 Rh3 16. Nc3 Bxf4 17. gxf4 Bf5 18. Qg2 Qxf4 19. Bxc6+ Kf8 20. Be4 Rg3
21. Qf2 Rf3 22. Bxf3 gxf3 23. e3 Qg4 24. O-O-O 1-0

[Event "Titled Tue 1st Jul Late"]
[Site "chess.com INT"]
[Date "2025.07.01"]
[Round "10"]
[White "Neklyudov, Viacheslav I."]
[Black "Gimeno Martos, Roberto"]
[Result "1-0"]
[WhiteTitle "IM"]
[BlackTitle "CM"]
[WhiteElo "2432"]
[BlackElo "2090"]
[WhiteFideId "4125703"]
[BlackFideId "2226804"]
[EventDate "2025.07.01"]

1. e4 c6 2. d4 d5 3. exd5 cxd5 4. Nf3 Nc6 5. Ne5 Nf6 6. Bb5 Bd7 7. Nxd7 Nxd7 8.
c4 a6 9. cxd5 axb5 10. dxc6 bxc6 11. d5 c5 12. O-O g6 13. d6 e6 14. Nc3 Qb6 15.
Bf4 Bg7 16. a4 b4 17. Nb5 O-O 18. Qd2 e5 19. Bh6 Nf6 20. Bxg7 Kxg7 21. Rfe1 e4
22. Qf4 c4 23. Rad1 Rxa4 24. Nc7 c3 25. Qxf6+ Kxf6 26. Nd5+ Kg7 27. Nxb6 Ra6 28.
Nc4 Rc6 29. Ne5 Rc5 30. Nd7 Rcc8 31. Nxf8 Kxf8 32. bxc3 bxc3 33. d7 Rd8 34. Rxe4
c2 35. Re8+ Rxe8 36. dxe8=Q+ 1-0

[Event "Titled Tue 1st Jul Late"]
[Site "chess.com INT"]
[Date "2025.07.01"]
[Round "10"]
[White "Hernandez Bermudez, Ulises Eduardo"]
[Black "Foldes, Marton Gabor"]
[Result "0-1"]
[BlackTitle "FM"]
[WhiteElo "2042"]
[BlackElo "2295"]
[WhiteFideId "3902510"]
[BlackFideId "794708"]
[EventDate "2025.07.01"]

1. e4 Nf6 2. e5 Nd5 3. d4 d6 4. c4 Nb6 5. f4 g5 6. Nf3 gxf4 7. Bxf4 Bg4 8. exd6
cxd6 9. Nc3 Nc6 10. d5 Ne5 11. Bxe5 dxe5 12. h3 Bxf3 13. Qxf3 Qd6 14. Bd3 Qc5
15. Rf1 f6 16. b3 Qd4 17. Rc1 O-O-O 18. Nb5 Qc5 19. Nxa7+ Kb8 20. Nb5 Nxd5 21.
cxd5 Qxc1+ 22. Kf2 Qc5+ 23. Kg3 Qxd5 24. Qe3 Qxd3 25. Qxd3 Rxd3+ 0-1

[Event "Titled Tue 1st Jul Late"]
[Site "chess.com INT"]
[Date "2025.07.01"]
[Round "10"]
[White "Mikhalsky, Vladimir"]
[Black "Sinkar, Anagha Aniket"]
[Result "1-0"]
[BlackTitle "WCM"]
[WhiteElo "2219"]
[BlackElo "1776"]
[WhiteFideId "14144352"]
[BlackFideId "30974780"]
[EventDate "2025.07.01"]

1. d4 Nf6 2. c4 g6 3. f3 d5 4. cxd5 Nxd5 5. e4 Nb6 6. Nc3 Bg7 7. Be3 O-O 8. h4
e5 9. d5 c6 10. h5 N8d7 11. hxg6 fxg6 12. Qd2 cxd5 13. exd5 Nf6 14. O-O-O e4 15.
fxe4 Bg4 16. Be2 Rc8 17. Kb1 Nxe4 18. Nxe4 Bf5 19. Bd3 Qxd5 20. Ng3 Bxd3+ 21.
Qxd3 Qe5 22. Qb3+ Nc4 23. Bd4 Qg5 24. Bxg7 Kxg7 25. Qxb7+ Rf7 26. Rxh7+ Kxh7 27.
Qxf7+ Kh6 28. N1e2 Nd2+ 29. Ka1 Rb8 30. Rh1+ 1-0

[Event "Titled Tue 1st Jul Late"]
[Site "chess.com INT"]
[Date "2025.07.01"]
[Round "10"]
[White "Mecit, Emre"]
[Black "Abdulkadir Mohamed Warsame"]
[Result "1-0"]
[WhiteElo "2007"]
[BlackElo "2001"]
[WhiteFideId "6304214"]
[BlackFideId "16100913"]
[EventDate "2025.07.01"]

1. d4 Nf6 2. Nf3 d5 3. c4 g6 4. cxd5 Nxd5 5. e4 Nb6 6. Nc3 Bg7 7. a4 a5 8. Be2
O-O 9. O-O Nc6 10. Be3 Bg4 11. d5 Bxf3 12. Bxf3 Ne5 13. Bxb6 Nxf3+ 14. Qxf3 cxb6
15. Qe3 Rc8 16. Rac1 Rc4 17. b3 Bd4 18. Qd3 Rb4 19. Na2 Bb2 20. Rc2 Ba3 21. Nxb4
Bxb4 22. e5 Qd7 23. h3 Rd8 24. Rd1 Bc5 25. Qb5 Qf5 26. Rxc5 bxc5 27. Qxa5 Rd7
28. Qxc5 Qxe5 29. Qc8+ 1-0

[Event "Titled Tue 1st Jul Late"]
[Site "chess.com INT"]
[Date "2025.07.01"]
[Round "10"]
[White "Dobrosmyslov, Artem"]
[Black "Rogov, Matfey"]
[Result "0-1"]
[WhiteTitle "FM"]
[BlackTitle "FM"]
[WhiteElo "2260"]
[BlackElo "2348"]
[WhiteFideId "24139521"]
[BlackFideId "44191308"]
[EventDate "2025.07.01"]

1. Nf3 Nc6 2. e4 e5 3. d4 exd4 4. Bc4 Nf6 5. e5 d5 6. Bb5 Ne4 7. Nxd4 Bc5 8.
Nxc6 bxc6 9. Bxc6+ Bd7 10. Bxd7+ Qxd7 11. O-O O-O 12. Nd2 Nxf2 13. Rxf2 Bxf2+
14. Kxf2 f6 15. e6 Qxe6 16. Nf3 Rae8 17. Bf4 c5 18. Qd2 d4 19. b4 g5 20. Bg3 g4
21. Nh4 f5 22. Qg5+ Kh8 23. bxc5 f4 24. Bxf4 Qe3+ 25. Kf1 Rxf4+ 0-1

[Event "Titled Tue 1st Jul Late"]
[Site "chess.com INT"]
[Date "2025.07.01"]
[Round "10"]
[White "Alazmi, Amani"]
[Black "Kurpiewski, Slawomir"]
[Result "0-1"]
[WhiteTitle "WCM"]
[BlackTitle "CM"]
[WhiteElo "1725"]
[BlackElo "1973"]
[WhiteFideId "10303553"]
[BlackFideId "1114530"]
[EventDate "2025.07.01"]

1. e4 e5 2. Nf3 Nc6 3. Nc3 Nf6 4. d4 exd4 5. Nxd4 d5 6. exd5 Nxd5 7. Nxc6 bxc6
8. Nxd5 Qxd5 9. Qxd5 cxd5 10. Bb5+ Bd7 11. Bxd7+ Kxd7 12. O-O Rd8 13. Be3 c5 14.
Rad1 Kc6 15. c3 a5 16. Rfe1 Be7 17. Bd4 Bf6 18. Bxf6 gxf6 19. Re7 Rhf8 20. g3
Rd6 21. Rde1 d4 22. cxd4 cxd4 23. Rc1+ Kd5 24. f3 a4 25. Rec7 Rb8 26. R1c5+ Ke6
27. f4 f5 28. g4 fxg4 29. f5+ Kf6 30. Ra7 Rxb2 31. Rcc7 Kxf5 32. Rxf7+ Rf6 33.
Ra5+ Kg6 34. Rd7 Rc6 0-1

[Event "Titled Tue 1st Jul Late"]
[Site "chess.com INT"]
[Date "2025.07.01"]
[Round "10"]
[White "Yazici, Ugur Doga"]
[Black "Diano, Eden"]
[Result "0-1"]
[WhiteTitle "CM"]
[WhiteElo "2161"]
[BlackElo "2086"]
[WhiteFideId "6363342"]
[BlackFideId "5203708"]
[EventDate "2025.07.01"]

1. e4 c5 2. Nf3 a6 3. Nc3 b5 4. g3 Bb7 5. Bg2 b4 6. Na4 Qa5 7. b3 Bxe4 8. O-O
Nf6 9. a3 e6 10. d4 Nc6 11. dxc5 Bxc5 12. Nxc5 Qxc5 13. axb4 Nxb4 14. Be3 Qxc2
15. Qd6 Nbd5 16. Bc5 Rc8 17. Rfc1 Qxb3 18. Bb4 Ra8 19. Rxa6 Rd8 20. Ba5 Rb8 21.
Nd4 Qb7 22. Bxe4 Nxe4 23. Qe5 O-O 24. Re1 Qxa6 25. Qxe4 Qxa5 0-1

[Event "Titled Tue 1st Jul Late"]
[Site "chess.com INT"]
[Date "2025.07.01"]
[Round "10"]
[White "Hansen, Eric"]
[Black "Piliposyan, Robert"]
[Result "0-1"]
[WhiteTitle "GM"]
[BlackTitle "IM"]
[WhiteElo "2609"]
[BlackElo "2416"]
[WhiteFideId "2606771"]
[BlackFideId "13309978"]
[EventDate "2025.07.01"]

1. e4 e5 2. Nf3 Nc6 3. Bb5 a6 4. Ba4 Bc5 5. O-O Nge7 6. d3 d6 7. c3 O-O 8. Bb3
Ba7 9. h3 h6 10. d4 Ng6 11. Be3 Qf6 12. Kh2 Nf4 13. d5 Ne7 14. Nbd2 Neg6 15. Ng1
Nxg2 16. Kxg2 Nh4+ 17. Kg3 Qg6+ 18. Kxh4 Bxe3 19. Ngf3 Bg5+ 20. Kg3 Bf4+ 21. Kh4
Qf6+ 22. Kh5 g6# 0-1

[Event "Titled Tue 1st Jul Late"]
[Site "chess.com INT"]
[Date "2025.07.01"]
[Round "10"]
[White "Li, Xueyi"]
[Black "Romany, Joy"]
[Result "0-1"]
[WhiteTitle "WGM"]
[BlackTitle "WIM"]
[WhiteElo "2220"]
[BlackElo "1960"]
[WhiteFideId "8605912"]
[BlackFideId "10656820"]
[EventDate "2025.07.01"]

1. d4 Nf6 2. c4 e6 3. g3 Bb4+ 4. Bd2 Be7 5. Bg2 O-O 6. Nf3 d5 7. O-O dxc4 8. Qc2
c5 9. Qxc4 Nbd7 10. Nc3 Nb6 11. Qd3 Nbd5 12. Nxd5 Nxd5 13. e4 Nb6 14. Bf4 f6 15.
Rfd1 cxd4 16. Nxd4 e5 17. Nf5 Qxd3 0-1

[Event "Titled Tue 1st Jul Late"]
[Site "chess.com INT"]
[Date "2025.07.01"]
[Round "10"]
[White "Hua, Lefong"]
[Black "Guliev, Gasan"]
[Result "1-0"]
[WhiteTitle "FM"]
[BlackTitle "CM"]
[WhiteElo "2305"]
[BlackElo "2123"]
[WhiteFideId "2602253"]
[BlackFideId "34165638"]
[EventDate "2025.07.01"]

1. d4 d5 2. c4 e6 3. Nc3 Nf6 4. cxd5 exd5 5. Bg5 c6 6. e3 Bd6 7. Bd3 O-O 8. Qc2
h6 9. Bh4 Nbd7 10. Nge2 Re8 11. Bg3 Nf8 12. O-O Bg4 13. f3 Bc8 14. Bf2 Qc7 15.
h3 b5 16. a3 a5 17. e4 dxe4 18. fxe4 N6h7 19. e5 Be7 20. Nxb5 Qb8 21. Nbc3 Ng5
22. h4 Ngh7 23. Ne4 Ng6 24. h5 Nh4 25. Nd6 Bxd6 26. Bxh7+ Kh8 27. Bxh4 Bf8 28.
Be4 c5 29. Rxf7 cxd4 30. Raf1 Qxe5 31. Rxf8+ Rxf8 32. Rxf8# 1-0